000
00296nam a2200121Ia 4500
008
220204s9999 xx 000 0 und d
082
_a
581.46
_b
MOR
100
_a
Morley, Brian D
245
0
_a
Wild flowers of the world
260
_a
London
_b
Octopus
_c
1974
650
_a
Wild flowers
942
_c
BK
999
_c
25177
_d
25177